000 00762nam a22002177a 4500
999 _c193272
_d193272
005 20221019114852.0
010 _aENG-135497
020 _a9789381899540
_c650.00
035 _aEN-119029
037 _bDBAD/PUB
082 _a005.4
245 _aInternational confrenceon advancements in computing and communication technologies:
_bicacct'15/
_ced. by valarmathi, a
260 _atamilnadu
_bsakthi publishers
_c2015
270 _a12, anna street, chitlapakkam, channai
_btamilnadu
_e600064
_k9444007503
_msakthiclassics@yahoo.in
300 _a424p.
_c29cm(pbk)
_brefrences
700 _aA valarmathi
_eeditor
700 _ar kaviarasi
_eeditor
700 _ap vaisnavi
_eeditor
700 _as nalini
_eeditor
942 _2ddc
_cEN
_mINT
_h005.4